000 00879nam a2200253Ia 4500
003 OSt
005 20220923222101.0
006 a|||||r|||| 00| 0
007 ta
008 220922b |||||||| |||| 00| 0 ben d
024 _a202,919
037 _cTextual
040 _aARTS
_cARTS
_bben
041 _2ben
_aben
082 _aO157,3N12,15, 152K8
100 _aमित्र, विमल; आचार्य, दिनेश, अनु.
_9158337
245 0 _aबेगम मेरी विश्वास
246 _aBegam merī vishvāsa
260 _c1976
650 _aबंगाली साहित्य
_9156264
700 _aआचार्य, दिनेश, अनु.
942 _hO157,3N12,15, 152K8
_cTEXL
_2CC
999 _c353720
_d353720